| 000 | 00638pam a2200229 a 4500 | ||
|---|---|---|---|
| 001 | 2423814 | ||
| 005 | 20180131081539.0 | ||
| 008 | 880105s1988 nyua b 001 0 eng c | ||
| 010 | _a 87037651 | ||
| 020 | _a082616000X | ||
| 040 |
_aDNLM/DLC _cDLC _dDLC |
||
| 041 | _aeng | ||
| 060 | _aWM 220 T7847 | ||
| 080 | _a616.83 JAR | ||
| 082 | 0 | 0 |
_a616.83 JAR _219 |
| 100 | _a7 | ||
| 101 | _aNEU | ||
| 245 | 0 | 0 |
_aTreatments for the Alzheimer patient : _cLissy F. Jarvik, Carol Hutner Winograd, editors. |
| 504 | _aBibliography: p. 221-247. | ||
| 906 |
_a7 _bcbc _corignew _d1 _eocip _f19 _gy-gencatlg |
||
| 942 |
_2ddc _cBK |
||
| 999 |
_c41401 _d41401 |
||